Basic Circuit Analysis for electrical Engineering/ (Record no. 9942)

MARC details
000 -LEADER
fixed length control field 00690nam a22002057a 4500
003 - CONTROL NUMBER IDENTIFIER
control field OSt
005 - DATE AND TIME OF LATEST TRANSACTION
control field 20260427064619.0
008 - FIXED-LENGTH DATA ELEMENTS--GENERAL INFORMATION
fixed length control field 260427b |||||||| |||| 00| 0 eng d
020 ## - INTERNATIONAL STANDARD BOOK NUMBER
International Standard Book Number 978-1-80406-020-9
040 ## - CATALOGING SOURCE
Original cataloging agency DWCL-Main lib.
Transcribing agency OC
082 ## - DEWEY DECIMAL CLASSIFICATION NUMBER
Classification number Circ. 621.392 C757b 2022
100 ## - MAIN ENTRY--PERSONAL NAME
Personal name Constantinovici, L.D.
245 ## - TITLE STATEMENT
Title Basic Circuit Analysis for electrical Engineering/
Statement of responsibility, etc. L.D., Constantinovici
260 ## - PUBLICATION, DISTRIBUTION, ETC.
Place of publication, distribution, etc. Shelton Street, Covent Garden London, UK
Name of publisher, distributor, etc. : Tech Press,
Date of publication, distribution, etc. c2022.
490 ## - SERIES STATEMENT
Materials specified 240 pages :s
Series statement illustration
Volume/sequential designation ; 24cm.
650 ## - SUBJECT ADDED ENTRY--TOPICAL TERM
Topical term or geographic name entry element 1. electric network
650 ## - SUBJECT ADDED ENTRY--TOPICAL TERM
Topical term or geographic name entry element 2. electrical engineering
700 ## - ADDED ENTRY--PERSONAL NAME
Personal name Govindsamy, Matthew
942 ## - ADDED ENTRY ELEMENTS (KOHA)
Source of classification or shelving scheme Dewey Decimal Classification
Koha item type Book Circulation
Classification part Circ.
Suppress in OPAC No
952 ## - LOCATION AND ITEM INFORMATION (KOHA)
--
Holdings
Withdrawn status Lost status Source of classification or shelving scheme Damaged status Not for loan Home library Current library Shelving location Date acquired Source of acquisition Total Checkouts Full call number Barcode Date last seen Copy number Price effective from Koha item type Uniform Resource Identifier
    Dewey Decimal Classification     College Library College Library Circulation 09/28/2022 School Fund   Circ. 621.392 C757b 2022 CL53375 04/27/2026 c1 04/27/2026 BK-CIRC